000 01865nam a2200361 a 4500
003 EG-GiCUC
005 20250223025949.0
008 091111s2009 ua d f m 000 0 eng d
040 _aEG-GiCUC
_beng
_cEG-GiCUC
041 0 _aeng
049 _aDeposite
097 _aM.Sc
099 _aCai01.12.05.M.Sc.2009.Em.I
100 0 _aEman Abdallah Mohamed Ali
245 1 0 _aInfluence of some biotic and Abiotic elicitors on production of indole alkaloids in callus and cell cultures of catharanthus roseus /
_cEman Abdallah Mohamed Ali ; Supervised Tahany Mohamed Ali Abdelrahman , Tarek Soliman Kapiel , Dalia Mohamed Ibrahim
246 1 5 _aتاثير بعض المحفزات الحيوية وغير الحيوية على انتاج قلويدات الاندول فى زراعات الكالوس والمعلقات الخلوية لنبات الونكة
260 _aCairo :
_bEman Abdallah Mohamed Ali ,
_c2009
300 _a115Leaves :
_bcharts ;
_c30cm
502 _aThesis (M.Sc.) - Cairo University - Faculty of Science - Department of Botany - Microbiology
520 _aCatharanthus roseus L. (G) Don . (Apocynaceae) is an important medicinal plant as it is the sole source of vincristine and vinbastine that are used againts a variety of cancers . The objective of the present thesis was to maximize the indole alkaloid production from C. Roseus suspension cultures by optimizing the cultural conditions
530 _aIssued also as CD
653 4 _aBiotic elicitors
653 4 _aC. Roseus
653 4 _aIndole alkaloid
700 0 _aDalia Mohamed Ibrahim ,
_eSupervisor
700 0 _aTahany Mohamed Ali Abdelrahman ,
_eSupervisor
700 0 _aTarek Soliman Kapiel ,
_eSupervisor
856 _uhttp://172.23.153.220/th.pdf
902 _a1
905 _aNazla
_eRevisor
905 _aSoheir
_eCataloger
942 _2ddc
_cTH
999 _c24468
_d24468